Summaries DDC ( Dewey decimal classification )

Saved in:
Bibliographic Details
Format: Book
Language:Undetermined
Published: Dublin, Ohio Forest Press 2001
Subjects:
Tags: Add Tag
No Tags, Be the first to tag this record!
Institutions: Trung tâm Học liệu Trường Đại học Cần Thơ
LEADER 00417nam a2200145Ia 4500
001 CTU_52742
008 210402s9999 xx 000 0 und d
082 |a 025.431 
082 |b S955 
245 0 |a Summaries DDC ( Dewey decimal classification ) 
260 |a Dublin, Ohio 
260 |b Forest Press 
260 |c 2001 
650 |a Classification, Dewey Decimal 
980 |a Trung tâm Học liệu Trường Đại học Cần Thơ